| 000 -LEADER |
| fixed length control field |
00624nam a2200193 i 4500 |
| 005 - DATE AND TIME OF LATEST TRANSACTION |
| control field |
20131011055318.0 |
| 008 - FIXED-LENGTH DATA ELEMENTS--GENERAL INFORMATION |
| fixed length control field |
770217s1976 gw a 001 0 ger |
| 020 ## - INTERNATIONAL STANDARD BOOK NUMBER |
| International Standard Book Number |
3788160357 : |
| 041 0# - LANGUAGE CODE |
| Language code of text/sound track or separate title |
ger |
| 080 ## - UNIVERSAL DECIMAL CLASSIFICATION NUMBER |
| Universal Decimal Classification number |
167.2 |
| 100 1# - Rafti |
| Rafti |
Kuessner, H. G. |
| 245 10 - TITLE STATEMENT |
| Title |
Grundlagen einer einheitlichen Theorie der physikalischen Teilchen und Felder / |
| Statement of responsibility, etc |
von Hans Georg Küssner. |
| 260 ## - |
| -- |
Göttingen ; |
| -- |
Frankfurt [Main] ; |
| -- |
Zürich : |
| -- |
Musterschmidt, |
| -- |
1976. |
| 300 ## - |
| -- |
xi, 416 p. : |
| -- |
ill. ; |
| -- |
25 cm. |
| 500 ## - |
| -- |
Vorwort f. : [V] - VII |
| 500 ## - |
| -- |
Includes indexes. |
| 650 #0 - |
| -- |
Teoria e fushës (Fizik) |
| 942 ## - ADDED ENTRY ELEMENTS (KOHA) |
| Source of classification or shelving scheme |
|
| Item type |
Books |